A textbook of economics
Wedi'i Gadw mewn:
| Prif Awdur: | |
|---|---|
| Fformat: | Llyfr |
| Iaith: | Undetermined |
| Cyhoeddwyd: |
London
Macdonald & Evans, Ltd.
1966
|
| Pynciau: | |
| Tagiau: |
Ychwanegu Tag
Dim Tagiau, Byddwch y cyntaf i dagio'r cofnod hwn!
|
| Thư viện lưu trữ: | Trung tâm Học liệu Trường Đại học Cần Thơ |
|---|
| LEADER | 00434nam a2200169Ia 4500 | ||
|---|---|---|---|
| 001 | CTU_79627 | ||
| 008 | 210402s9999 xx 000 0 und d | ||
| 082 | |a 330 | ||
| 082 | |b H251 | ||
| 100 | |a Hanson, J. L. | ||
| 245 | 2 | |a A textbook of economics | |
| 245 | 0 | |c J. L. Hanson | |
| 260 | |a London | ||
| 260 | |b Macdonald & Evans, Ltd. | ||
| 260 | |c 1966 | ||
| 650 | |a Economics | ||
| 980 | |a Trung tâm Học liệu Trường Đại học Cần Thơ | ||